000 00371 a2200157 4500
001 76150
020 _a978-85-377-0324-3
040 _cAnchieta - Colégio São Paulo
100 _aSouza, Shirley
240 1 0 _aMeu nome não é gorducho!
_lpor
245 1 0 _aMeu nome não é gorducho!
300 _a48
362 0 _a2008
650 4 _aLiteratura infantil
942 _cBK
999 _c76150
_d76150